Lacrosse laser / (Record no. 406808)
[ view plain ]
| 000 -LEADER | |
|---|---|
| fixed length control field | 01835cam a2200433 i 4500 |
| 001 - CONTROL NUMBER | |
| control field | 19116951 |
| 005 - DATE AND TIME OF LATEST TRANSACTION | |
| control field | 20250411145005.0 |
| 008 - FIXED-LENGTH DATA ELEMENTS--GENERAL INFORMATION | |
| fixed length control field | 160531s2017 mnua c 000 1 eng c |
| 010 ## - LIBRARY OF CONGRESS CONTROL NUMBER | |
| LC control number | 2016024024 |
| 020 ## - INTERNATIONAL STANDARD BOOK NUMBER | |
| International Standard Book Number | 9781496530516 (library binding) |
| 020 ## - INTERNATIONAL STANDARD BOOK NUMBER | |
| International Standard Book Number | 9781496530530 (pbk.) |
| 020 ## - INTERNATIONAL STANDARD BOOK NUMBER | |
| Cancelled/invalid ISBN | 9781496530554 (eBook (pdf)) |
| 040 ## - CATALOGING SOURCE | |
| Original cataloging agency | NJQ/DLC |
| Language of cataloging | eng |
| Transcribing agency | NJQ |
| Description conventions | rda |
| Modifying agency | DLC |
| 042 ## - AUTHENTICATION CODE | |
| Authentication code | lcac |
| -- | pcc |
| 050 00 - LIBRARY OF CONGRESS CALL NUMBER | |
| Classification number | PZ7.M25643 |
| Item number | Lac 2017 |
| 082 04 - DEWEY DECIMAL CLASSIFICATION NUMBER | |
| Classification number | 813.6 |
| -- | Fic |
| Edition number | 23 |
| 092 ## - LOCALLY ASSIGNED DEWEY CALL NUMBER (OCLC) | |
| Classification number | junior fiction |
| Item number | Maddox |
| 100 1# - MAIN ENTRY--PERSONAL NAME | |
| Personal name | Maddox, Jake, |
| Relator term | author. |
| 9 (RLIN) | 55532 |
| 245 10 - TITLE STATEMENT | |
| Title | Lacrosse laser / |
| Statement of responsibility, etc | by Jake Maddox ; text by Randall Bonser ; illustrated by Aburtov. |
| 264 #1 - Production, Publication, Distribution, Manufacture, and Copyright Notice. | |
| Place of production, publication, distribution, manufacture | North Mankato, Minnesota : |
| Name of producer, publisher, distributor, manufacturer | Stone Arch Books, a Capstone imprint, |
| Date of production, publication, distribution, manufacture, or copyr | [2017] |
| 300 ## - PHYSICAL DESCRIPTION | |
| Extent | 65 pages : |
| Other physical details | illustrations ; |
| Dimensions | 20 cm. |
| 336 ## - Content Type | |
| Content type term | text |
| 337 ## - Media type | |
| Media type term | unmediated |
| 338 ## - Carrier type | |
| Carrier type term | volume |
| 490 0# - SERIES STATEMENT | |
| Series statement | Jake Maddox sports stories |
| 520 ## - SUMMARY, ETC. | |
| Summary, etc | Now that he has new glasses, fourteen-year-old Jaylin is anxious to put his speed and accurate shot to use on offense, but his lacrosse team has always relied on his stellar defense, and without it too many goals are ending up in their net--so the team needs to come up with a strategy to balance both halves of his game. |
| 521 0# - TARGET AUDIENCE NOTE | |
| Target audience note | RL: 2-3. |
| 521 1# - TARGET AUDIENCE NOTE | |
| Target audience note | IL: 3-6. |
| 650 #0 - SUBJECT ADDED ENTRY--TOPICAL TERM | |
| Topical term or geographic name as entry element | Lacrosse |
| Form subdivision | Juvenile fiction. |
| 9 (RLIN) | 6494910 |
| 650 #0 - SUBJECT ADDED ENTRY--TOPICAL TERM | |
| Topical term or geographic name as entry element | Teamwork (Sports) |
| Form subdivision | Juvenile fiction. |
| 650 #0 - SUBJECT ADDED ENTRY--TOPICAL TERM | |
| Topical term or geographic name as entry element | African American boys |
| Form subdivision | Juvenile fiction. |
| 9 (RLIN) | 5747948 |
| 650 #1 - SUBJECT ADDED ENTRY--TOPICAL TERM | |
| Topical term or geographic name as entry element | Lacrosse |
| Form subdivision | Fiction. |
| 650 #1 - SUBJECT ADDED ENTRY--TOPICAL TERM | |
| Topical term or geographic name as entry element | Teamwork (Sports) |
| Form subdivision | Fiction. |
| 650 #1 - SUBJECT ADDED ENTRY--TOPICAL TERM | |
| Topical term or geographic name as entry element | African Americans |
| Form subdivision | Fiction. |
| 9 (RLIN) | 5677287 |
| 700 1# - ADDED ENTRY--PERSONAL NAME | |
| Personal name | Bonser, Randall, |
| Relator term | author. |
| 9 (RLIN) | 6542907 |
| 700 1# - ADDED ENTRY--PERSONAL NAME | |
| Personal name | Aburto, Jesus, |
| Relator term | illustrator. |
| 9 (RLIN) | 5856852 |
| 800 1# - SERIES ADDED ENTRY--PERSONAL NAME | |
| Personal name | Maddox, Jake. |
| Title of a work | Impact books. |
| Name of part/section of a work | Jake Maddox sports story. |
| 9 (RLIN) | 5739522 |
| 942 ## - ADDED ENTRY ELEMENTS (KOHA) | |
| Source of classification or shelving scheme | Dewey Decimal Classification |
| Koha item type | BOOK |
| Withdrawn status | Lost status | Source of classification or shelving scheme | Damaged status | Not for loan | Collection code | Home library | Current library | Shelving location | Date acquired | Source of acquisition | Total Checkouts | Full call number | Barcode | Date last seen | Date checked out | Cost, replacement price | Price effective from | Koha item type |
|---|---|---|---|---|---|---|---|---|---|---|---|---|---|---|---|---|---|---|
| Dewey Decimal Classification | Junior Fiction | Wasatch County Library | Wasatch County Library | Main Floor Junior Area | 04/11/2025 | Amazon | 1 | J Maddox | 34301002152579 | 05/06/2025 | 04/22/2025 | 8.99 | 04/11/2025 | BOOK |
